Madagaskar-visa - Statistics

Yleistilastot
  • Tätä visaa on pelattu 285 kertaa
  • Keskiarvotulos 9 / 17
Vastaustilastot
Vihje Vastaus % Oikein
Virallinen kieli Ranska
86%
Lähin Afrikan mantereen valtio Mosambik
85%
Saarivaltio Madagaskarin ja yllä olevan välissä Komorit
83%
Madagaskaria suuremmat saaret Grönlanti
81%
Pääkaupunki Antananarivo
72%
Madagaskarin alkuperäisasuttajat eivät tulleet Afrikasta, vaan tästä Aasian valtiosta Indonesia
69%
Madagaskaria suuremmat saaret Borneo
54%
Madagaskaria suuremmat saaret Uusi-Guinea
48%
90% Madagaskarin kasvi- ja eläinlajeista on _____ , mikä tarkoittaa, että niitä ei tavata missään muualla Kotoperäisiä
45%
Kuuluisa paksurunkoinen puu {Apinanleipä}puu
39%
Virallinen kieli Malagassi
39%
Kädellisten suku, jota tavataan vain Madagaskarilla {Maki}t
38%
Madagaskar vastaa 50 %:sta näiden sinisten kivien maailmanlaajuisesta tuotannosta {Safiiri}t
38%
Nimen "Madagaskar" keksi mahdollisesti tämä 1200-luvulla elänyt tutkimusmatkailija, joka sekoitti saaren Mogadishun kaupunkiin Marco Polo
34%
Madagaskarin kansallisurheilulaji Rugby Union
32%
Jättimäinen lintu, joka painoi viisi kertaa strutsia enemmän, kuoli sukupuuttoon 1200 jaa. {Norsu}lintu
27%
Madagaskarin tärkein vientituote Vanilja
26%
Ehtoja vastaavia visoja ei löytynyt
Tulosjakauma
Jokaisen tuloksen saaneiden osuus
Persentiili vastausten määrän mukaan
Tuloshistoriasi
Et ole pelannut tätä visaa